| 000 | 00845nam a22002297a 4500 | ||
|---|---|---|---|
| 999 |
_c16583 _d16583 |
||
| 003 | AR-CdUCM | ||
| 008 | 190503b ||||| |||| 00| 0 spa d | ||
| 020 | _a968-16-1703-7 | ||
| 040 |
_aMUNICIPALIDAD PROVINCIAL DEL CUSCO _cBIBLIOTECA MUNICIPAL DEL CUSCO |
||
| 082 |
_a869 / _bC33 |
||
| 100 |
_aCastellanos, Rosario _94323 |
||
| 245 |
_aJuicios sumarios II : _bEnsayos sobre literatura / |
||
| 260 |
_aMéxico : _bCrea _c1984. |
||
| 300 |
_a224 paginas ; _c22 cm. |
||
| 505 | _aContenido : Amistades peligrosas -- Autobiografia - La palabra -- La desgracia de Margarita -- La alemania de Heine -- Asesinato en la catedral... | ||
| 650 |
_aLiteratura Francesa _9614 |
||
| 650 |
_aLiteratura Alemana _993 |
||
| 650 |
_aLiteratura Inlgelsa _936101 |
||
| 650 |
_aLiteratura Japonesa _913460 |
||
| 942 |
_2ddc _cLIBROS |
||
| 945 |
_awnts _d2019-05-3 |
||